Uguali mai : quello che tutti sanno sulle differenze tra i sessi ma non osano dire /

Oggi il dibattito sulla sessualità dà spesso per scontato che le differenze fra uomini e donne siano fondamentalmente insignificanti e socialmente determinate, o che neppure esistano. Steven Rhoads, al contrario, afferma che, a dispetto di ciò che preferiamo credere, le distinzioni sessuali restano...

Descripció completa

Guardat en:
Dades bibliogràfiques
Autor principal: Rhoads, Steven E. (Autor)
Format: Llibre
Idioma:italià
Publicat: Torino : Lindau, 2006
Col·lecció:I draghi
Matèries:
Etiquetes: Afegir etiqueta
Sense etiquetes, Sigues el primer a etiquetar aquest registre!

MARC

LEADER 00000nam a22000007i 4500
001 IT\ICCU\LO1\1095299
003 ItRI
005 20260206114941.0
008 061212s2006 it |||||| ||||| |||||c
020 |a 887180600X 
020 |a 9788867085019 (2016) 
020 |a 9788871806006 
040 |b ita  |c CDM 
041 7 |a ita  |2 ISO-639-2 
082 |a 305.3  |2 21 
100 1 |a Rhoads, Steven E.  |0 IT\ICCU\UBOV\096415  |4 aut 
240 1 0 |a Taking sex differences seriously.  |9 Rhoads, Steven E. 
245 1 0 |a Uguali mai :  |b quello che tutti sanno sulle differenze tra i sessi ma non osano dire /  |c Steven E. Rhoads. 
260 |a Torino :  |b Lindau,  |c 2006 
300 |a 456 p. ;  |c 21 cm. 
520 |a Oggi il dibattito sulla sessualità dà spesso per scontato che le differenze fra uomini e donne siano fondamentalmente insignificanti e socialmente determinate, o che neppure esistano. Steven Rhoads, al contrario, afferma che, a dispetto di ciò che preferiamo credere, le distinzioni sessuali restano profondamente radicate nella natura umana. In questo testo, l'autore presenta un gran numero di prove scientifiche che dimostrano come queste differenze siano innate: a partire dalle distinzioni più sottili (istintivamente, le donne tengono in braccio i bambini dalla parte sinistra, vicino al cuore) per giungere a quelle più profonde (le donne con un alto livello di testosterone sono più promiscue, più competitive e più combattute nei confronti della maternità). Rhoads esplora le differenze maschioIfemmina per quanto riguarda l'aggressività e l'istinto di dominio, la sessualità e la cura dei figli. Spiega perché il rifiuto di riconoscere tali differenze ha condizionato fenomeni come la rivoluzione sessuale e le famiglie senza padri. Ma sostiene anche che la società diventa migliore se si scoraggiano alcune tendenze naturali, come l'inclinazione maschile al sesso predatorio, e se ne incoraggiano altre, come la passione e il talento femminili per la cura dei figli. 
650 7 |a Identità sessuale 
830 2 |a I draghi  |0 IT\ICCU\LO1\0767688 
942 |2 ddc  |c BK 
952 |0 0  |1 0  |2 ddc  |4 0  |6 305_300000000000000_RHO_UGU  |7 1  |9 1531  |a RA  |b RA  |d 2024-06-28  |l 0  |o 305.3 RHO UGU  |p 9280  |r 2024-06-28 09:32:26  |w 2024-06-28  |y BK 
952 |0 0  |1 0  |4 0  |6 DOC_305_300000000000000_RHO  |7 0  |9 16360  |a BO  |b BO  |d 2026-01-15  |i 14401  |l 0  |o DOC 305.3 RHO  |p BO14401  |r 2026-01-15 23:19:20  |w 2026-01-15  |x [Sebina 5] [1 v.]  |y BK  |z 1 v. 
999 |c 1348  |d 1348